[Event "POL-ch blitz"]
[Site "Szczawno Zdroj"]
[Date "2018.12.16"]
[Round "14"]
[White "Kopec, Mariusz"]
[Black "Mickiewicz, Piotr"]
[Result "0-1"]
[WhiteElo "2113"]
[BlackElo "2237"]
[PlyCount "47"]
[EventDate "2018.12.16"]
[EventType "swiss (blitz)"]
[EventRounds "15"]
[EventCountry "POL"]
[SourceTitle "CBM 187 Extra"]
[Source "ChessBase"]
[SourceDate "2018.11.04"]
[SourceVersion "1"]
[SourceVersionDate "2018.11.04"]
[SourceQuality "1"]

1. c4 e5 2. Nc3 Nf6 3. e4 Bc5 4. d3 d6 5. h3 c6 6. Nf3 0-0 7. Bg5 h6 8. Be3 Bxe3 9. fxe3 a5 10. Be2 Nh5 11. g4 Ng3 12. Rg1 Nxe2 13. Qxe2 Na6 14. h4 g6 15. 0-0-0 Qb6 16. d4 Re8 17. c5 dxc5 18. Nxe5 Be6 19. d5 Bxd5 20. Nd7 Qd8 21. exd5 Qxd7 22. e4 Re5 23. dxc6 Qxc6 24. h5 0-1

[Event "Pula op 32nd"]
[Site "Pula"]
[Date "2018.06.25"]
[Round "4"]
[White "Filipovic, Branko"]
[Black "Kopec, Mariusz"]
[Result "1-0"]
[WhiteElo "2378"]
[BlackElo "2083"]
[PlyCount "73"]
[EventDate "2018.06.23"]
[EventType "swiss"]
[EventRounds "9"]
[EventCountry "CRO"]
[SourceTitle "EXT 2019"]
[Source "ChessBase"]
[SourceDate "2018.10.10"]
[SourceVersion "1"]
[SourceVersionDate "2018.10.10"]
[SourceQuality "1"]

1. d4 Nf6 2. Bf4 d5 3. e3 e6 4. Nf3 Bd6 5. Bg3 0-0 6. Nbd2 b6 7. c3 Bb7 8. Bd3 c5 9. Ne5 Nc6 10. f4 Ne7 11. Qb1 cxd4 12. exd4 Ng6 13. 0-0 Nh5 14. Qd1 Nxg3 15. hxg3 Bxe5 16. fxe5 Qg5 17. Qe1 a5 18. Nf3 Qe7 19. Qe2 Bc6 20. Rae1 Rab8 21. Qd2 b5 22. Rf2 b4 23. Ref1 Bb5 24. Bxb5 Rxb5 25. Ng5 f5 26. exf6 gxf6 27. Nh3 bxc3 28. bxc3 a4 29. Qd3 Rb6 30. Nf4 Nxf4 31. Rxf4 a3 32. c4 dxc4 33. Qxc4 Rb2 34. Re4 Re8 35. d5 e5 36. d6+ Qe6 37. d7 1-0

[Event "Warsaw AIG Life rapid 8th"]
[Site "Warsaw"]
[Date "2008.12.20"]
[Round "6"]
[White "Kopec, Mariusz"]
[Black "Strebkovs, Andrejs"]
[Result "0-1"]
[WhiteElo "2144"]
[BlackElo "2441"]
[PlyCount "90"]
[EventDate "2008.12.20"]
[EventType "swiss (rapid)"]
[EventRounds "13"]
[EventCountry "POL"]
[SourceTitle "CBM 127 Extra"]
[Source "ChessBase"]
[SourceDate "2009.01.08"]
[SourceVersion "2"]
[SourceVersionDate "2009.01.28"]
[SourceQuality "1"]

1. c4 e5 2. Nc3 Nf6 3. e4 Bb4 4. Nge2 c6 5. d3 d5 6. a3 Be7 7. Bg5 dxc4 8. dxc4 0-0 9. Qxd8 Rxd8 10. Rd1 Rxd1+ 11. Kxd1 Be6 12. Ng3 h6 13. Bxf6 Bxf6 14. Be2 Nd7 15. Kc2 Nb6 16. b3 a5 17. a4 Rd8 18. Rd1 Kf8 19. h3 Rxd1 20. Nxd1 g6 21. Bg4 Ke7 22. Bxe6 Kxe6 23. Ne2 Be7 24. Kd3 Nd7 25. f3 f5 26. Ndc3 Nc5+ 27. Kc2 Bg5 28. g3 Bf6 29. exf5+ gxf5 30. g4 Bh4 31. f4 Bf2 32. fxe5 fxg4 33. hxg4 Kxe5 34. Nd1 Bd4 35. Ng3 Ne6 36. Nf5 h5 37. Nxd4 Nxd4+ 38. Kd3 hxg4 39. Ne3 g3 40. Kc3 Ke4 41. Ng2 Ne2+ 42. Kd2 Nf4 43. Nxf4 Kxf4 44. Ke2 Ke4 45. Kf1 Kd3 0-1

[Event "Chrudim op"]
[Site "Chrudim"]
[Date "2001.??.??"]
[Round "?"]
[White "Kopec, Mariusz"]
[Black "Riska, Lubomir"]
[Result "1/2-1/2"]
[WhiteElo "2155"]
[BlackElo "2175"]
[PlyCount "47"]
[EventDate "2001.??.??"]
[EventType "swiss"]
[EventRounds "9"]
[EventCountry "CZE"]
[SourceTitle "EXT 2003"]
[Source "ChessBase"]
[SourceDate "2002.11.25"]
[SourceVersion "1"]
[SourceVersionDate "2002.11.25"]
[SourceQuality "1"]

1. c4 g6 2. Nc3 Bg7 3. g3 e5 4. Bg2 d6 5. d3 Nc6 6. e4 Nge7 7. Nge2 0-0 8. 0-0 Be6 9. Nd5 Qd7 10. Bh6 Rae8 11. Bxg7 Kxg7 12. d4 Nd8 13. Nxe7 Qxe7 14. d5 Bd7 15. Qd2 b6 16. Nc3 a6 17. Rae1 Nb7 18. b4 Ra8 19. a3 Rfc8 20. f4 f6 21. h4 h5 22. b5 Nc5 23. f5 Rf8 24. g4 1/2-1/2